00752nam a22002417a 4500003000500000005001700005008004100022010001000063011001000073035001000083040000900093082001600102100002200118245009900140260003800239300002800277490004900305650001500354650002700369700003400396700003100430830004900461CHAP20220329133732.0971013s1978 us a r 00010 eng d a10115 a11087 a10325 cCHAP04a589.23bB3200aBacila, Metryeed1 aBiochemistry and genetics of yeasts, pure and applied aspects; proceedings of the symposium... aNew York :bAcademic Press,c1978 a594 p.b: ilus. gráfs aAcademic press rapid manuscript reproduction14aLevaduras.14aLevadurasxGenética.0 aHorecker, Bernard Leonardeed0 aStoppani, Andres O. M.eed0 aAcademic press rapid manuscript reproduction